Joseph O’Connor, Dans la maison de mon père, Traduit de l’anglais (Irlande) par Carine Chichereau. Rivages, 2024, 432 pages, 23,90 €. (notice n° 1618436)

détails MARC
000 -LEADER
fixed length control field 01161cam a2200157 4500500
005 - DATE AND TIME OF LATEST TRANSACTION
control field 20260111085631.0
041 ## - LANGUAGE CODE
Language code of text/sound track or separate title fre
042 ## - AUTHENTICATION CODE
Authentication code dc
100 10 - MAIN ENTRY--PERSONAL NAME
Personal name Gautier, Benoît
Relator term author
245 00 - TITLE STATEMENT
Title Joseph O’Connor, Dans la maison de mon père, Traduit de l’anglais (Irlande) par Carine Chichereau. Rivages, 2024, 432 pages, 23,90 €.
260 ## - PUBLICATION, DISTRIBUTION, ETC.
Date of publication, distribution, etc. 2024.<br/>
500 ## - GENERAL NOTE
General note 87
520 ## - SUMMARY, ETC.
Summary, etc. Éric Rohmer était royaliste et catholique. Par quel miracle ce cinéaste dont les convictions étaient aux antipodes de l’idéologie dominante dans les années 1950-1960 a-t-il pu devenir une figure majeure de la Nouvelle Vague et bénéficier, pendant plus de quatre décennies, du soutien inconditionnel d’une critique majoritairement de gauche et athée ? Cet article reconsidère l’œuvre de Rohmer à travers le prisme des convictions catholiques du cinéaste, que ce dernier a dû dissimuler durant la première partie de sa carrière avant de pouvoir les exprimer plus librement.
786 0# - DATA SOURCE ENTRY
Note Études | Jui | 6 | 2024-05-24 | p. 119c-144c | 0014-1941
856 41 - ELECTRONIC LOCATION AND ACCESS
Uniform Resource Identifier <a href="https://shs.cairn.info/revue-etudes-2024-6-page-119c?lang=fr&redirect-ssocas=7080">https://shs.cairn.info/revue-etudes-2024-6-page-119c?lang=fr&redirect-ssocas=7080</a>

Pas d'exemplaire disponible.

PLUDOC

PLUDOC est la plateforme unique et centralisée de gestion des bibliothèques physiques et numériques de Guinée administré par le CEDUST. Elle est la plus grande base de données de ressources documentaires pour les Étudiants, Enseignants chercheurs et Chercheurs de Guinée.

Adresse

627 919 101/664 919 101

25 boulevard du commerce
Kaloum, Conakry, Guinée

Réseaux sociaux

Powered by Netsen Group @ 2025